ARRUPE JESUIT UNIVERSITY

CORONAVIRUS -STOP THE SPREAD - CLEAN,DISINFECT,COVER

Histoires douces amères / (Record no. 128091)

MARC details
000 -LEADER
fixed length control field 00869cam a2200265 a 4500
001 - CONTROL NUMBER
control field 16809443
003 - CONTROL NUMBER IDENTIFIER
control field ARRUPE
005 - DATE AND TIME OF LATEST TRANSACTION
control field 20180904122319.0
008 - FIXED-LENGTH DATA ELEMENTS--GENERAL INFORMATION
fixed length control field 110428s2011 fr b 000 1 fre
010 ## - LIBRARY OF CONGRESS CONTROL NUMBER
LC control number 2011465903
020 ## - INTERNATIONAL STANDARD BOOK NUMBER
International Standard Book Number 9782843375873
035 ## - SYSTEM CONTROL NUMBER
System control number (FrPJT)JTL00292762
040 ## - CATALOGING SOURCE
Original cataloging agency DLC
Transcribing agency DLC
042 ## - AUTHENTICATION CODE
Authentication code pcc
050 00 - LIBRARY OF CONGRESS CALL NUMBER
Classification number PQ2349
Item number .H5
082 00 - DEWEY DECIMAL CLASSIFICATION NUMBER
Classification number 843/.914
Edition number 22
300 ## - PHYSICAL DESCRIPTION
Dimensions 19 cm.
100 1# - MAIN ENTRY--PERSONAL NAME
Personal name maupassant, Guy de
9 (RLIN) 19582
245 10 - TITLE STATEMENT
Title Histoires douces amères /
Statement of responsibility, etc Guy de Maupassant
Remainder of title choix et notes Christian Poslaniec Illustrations de Phillippe Dumas
260 ## - PUBLICATION, DISTRIBUTION, ETC. (IMPRINT)
Place of publication, distribution, etc Paris :
Name of publisher, distributor, etc Medium,
Date of publication, distribution, etc 1981.
300 ## - PHYSICAL DESCRIPTION
Extent 123p. ;
504 ## - BIBLIOGRAPHY, ETC. NOTE
Bibliography, etc Includes bibliographical references.
700 ## - ADDED ENTRY--PERSONAL NAME
Personal name Dumas, Philippe (ed.)
9 (RLIN) 41958
906 ## - LOCAL DATA ELEMENT F, LDF (RLIN)
a 7
b cbc
c origres
d 4
e ncip
f 20
g y-gencatlg
942 ## - ADDED ENTRY ELEMENTS (KOHA)
Source of classification or shelving scheme Library of Congress Classification
Koha item type Monograph ( Printed materials)
Holdings
Withdrawn status Lost status Source of classification or shelving scheme Damaged status Not for loan Collection code Home library Current library Shelving location Date acquired Total Checkouts Full call number Barcode Date last seen Price effective from Koha item type
    Library of Congress Classification     Main Collection ARRUPE LIBRARY ARRUPE LIBRARY Main Collection 04/09/2018   PQ2349 .H5 46600001557 04/09/2018 04/09/2018 Monograph ( Printed materials)

 

Arrupe Library. PO Box MP320 Mt Pleasant, Harare, Zimbabwe
263 242 745411|librarian@aju.ac.zw